000 00468nam a22001457a 4500
008 150219b xxu||||| |||| 00| 0 eng d
050 _aHC255.D4
100 _aDeane, Phyllis
_915441
245 _aThe First industrial revolution
_cPhyllis Deane
260 _aLondon
_bCambridge University Press
_c1965
300 _avii, 295p.
_c21cm.
650 _aGreat Britain
_xIndustries
_915442
650 _aGreat Britain
_xEconomic conditions
_915443
942 _2lcc
_cMONOGRAPH
999 _c122153
_d122153